| 000 | 005810000a22002410004500 | ||
|---|---|---|---|
| 500 | _aBibliography given in end of each chapter | ||
| 650 | _aLiterature | ||
| 650 | _aLiterary forms and genres | ||
| 650 | _aLiterary criticism | ||
| 650 | _aCriticism | ||
| 651 | _aGreat Britain | ||
| 082 |
_a801.95 _bB727s |
||
| 518 | _a20020407 | ||
| 530 | _aM | ||
| 100 | _aBradford, Richard | ||
| 245 | _aThe state of theory | ||
| 020 | _a0-415-07324-3 | ||
| 260 |
_aLondon _bRoutledge, Great Britain |
||
| 260 | _c1993 | ||
| 041 | _aEng | ||
| 300 | _axi,186p. | ||
| 942 | _cGEN | ||
| 999 |
_c26723 _d26723 |
||